MDQL
is popping MORE tags! Check the
thread
!
Quizzes
Events
Quiz Creation
Community
Videos
Private Events
Remove Ads
Sign In
Join for FREE
Feedback
Dark Mode
Quiz Categories
Sports
Geography
Music
Movies
Television
Just For Fun
Miscellaneous
History
Literature
Language
Science
Gaming
Entertainment
Religion
Holiday
For Kids
Quiz Lab
Recent
Popular Today
Quiz Kudos Today
Editor Picks
Curator Picks
Quizzes by...
Day
Popularity
Type
Ratings
Length
Year
Community
Subscriptions
Recent Discussions
Orange Saloon
Badges
Playlists
Quests
Create
Leaderboards
Showdown
Live 5
Trivia Bingo
Activity
Puzzle Library
Sporcle Events
Private Events
Virtual Trivia
Globe League
Become a Host
Pub Owners
SporcleCon
Opinionation
Our Games
Videos
Blog
Mobile Apps
Partnerships
Remove Ads and Go Orange
Feedback
Sports
Athletes
MLB
NBA
NHL
NFL
Soccer
Sports Teams
WWE
NCAA
Football
Premier League
Basketball
Baseball
Hockey
Golf
Tennis
Cricket
Rugby
Auto Racing
Olympics
World Cup
Sports
Athletes
MLB
NBA
NHL
NFL
Soccer
Sports Teams
WWE
NCAA
Football
Premier League
Basketball
Baseball
Hockey
Golf
Tennis
Cricket
Rugby
Auto Racing
Olympics
World Cup
Random Quiz
Search Sporcle
×
Quiz Lab
Quiz Lab
Sports
Show
Type in answers that appear in a list
Type in answers that appear in a list
Classic
Best Score? Go Orange.
WCW PPV Match Winners (1992-1993) Stats
Can you name the wrestlers who won WCW pay-per-view matches in 1992 and 1993?
By
dudemanbearpig
16m
164 Questions
1,028 Plays
1,028 Plays
1,028 Plays
Comments
Comments
Give Quiz Kudos
Give Quiz Kudos
-
- Ratings
hide this ad
Replay
Link that replays current quiz
Next Quiz
Link to next quiz in quiz playlist
You Got
0%
They Got
Avg Score
87%
Avg Friend Score
Upgrade to see
Score Distribution
Jump to the score distribution portion of the page
Score
0/164
Timer
16:00
0
Plays Today
Show
Wrestler
% Correct
New Japan Supershow II
Sting
100%
SuperBrawl II
Sting
100%
WrestleWar '92
Sting
100%
Beach Blast '92
Sting
100%
Halloween Havoc '92
Sting
100%
Starrcade '92
Sting
100%
New Japan Supershow III
Sting
100%
Slamboree '93
Sting
100%
Beach Blast '93
Sting
100%
Fall Brawl '93
Sting
100%
Halloween Havoc '93
Sting
100%
Battlebowl
Sting
100%
Starrcade '93
Sting
100%
Great American Bash '92
Big Van Vader
98.9%
Halloween Havoc '92
Big Van Vader
98.9%
Starrcade '92
Big Van Vader
98.9%
SuperBrawl III
Big Van Vader
98.9%
Beach Blast '93
Big Van Vader
98.9%
Halloween Havoc '93
Big Van Vader
98.9%
Battlebowl
Big Van Vader
98.9%
Beach Blast '93
Ric Flair
98.4%
Battlebowl
Ric Flair
98.4%
Starrcade '93
Ric Flair
98.4%
New Japan Supershow II
Arn Anderson
97.7%
SuperBrawl II
Arn Anderson
97.7%
New Japan Supershow II
Dustin Rhodes
97.1%
SuperBrawl II
Dustin Rhodes
97.1%
WrestleWar '92
Dustin Rhodes
97.1%
Beach Blast '92
Dustin Rhodes
97.1%
Great American Bash '92
Dustin Rhodes
97.1%
Starrcade '92
Dustin Rhodes
97.1%
SuperBrawl III
Dustin Rhodes
97.1%
Fall Brawl '93
Dustin Rhodes
97.1%
Halloween Havoc '93
Dustin Rhodes
97.1%
Battlebowl
Dustin Rhodes
97.1%
SuperBrawl II
Brian Pillman
97%
WrestleWar '92
Brian Pillman
97%
SuperBrawl III
Brian Pillman
97%
Slamboree '93
Brian Pillman
97%
Beach Blast '93
Brian Pillman
97%
New Japan Supershow II
Dusty Rhodes
96.7%
SuperBrawl II
Rick Rude
96.3%
Halloween Havoc '92
Rick Rude
96.3%
Slamboree '93
Rick Rude
96.3%
Fall Brawl '93
Rick Rude
96.3%
Halloween Havoc '93
Rick Rude
96.3%
Battlebowl
Rick Rude
96.3%
Starrcade '93
Rick Rude
96.3%
SuperBrawl III
Steve Austin
96.2%
Slamboree '93
Steve Austin
96.2%
Beach Blast '93
Steve Austin
96.2%
Battlebowl
Steve Austin
96.2%
Starrcade '93
Steve Austin
96.2%
WrestleWar '92
Ricky Steamboat
95.8%
Beach Blast '92
Ricky Steamboat
95.8%
Show
Wrestler
% Correct
Great American Bash '92
Ricky Steamboat
95.8%
Halloween Havoc '92
Ricky Steamboat
95.8%
Starrcade '92
Ricky Steamboat
95.8%
WrestleWar '92
Scott Steiner
95.7%
WrestleWar '92
Rick Steiner
95.7%
SuperBrawl II
Barry Windham
95.5%
WrestleWar '92
Barry Windham
95.5%
Beach Blast '92
Barry Windham
95.5%
Great American Bash '92
Barry Windham
95.5%
Starrcade '92
Barry Windham
95.5%
SuperBrawl III
Barry Windham
95.5%
Slamboree '93
Barry Windham
95.5%
SuperBrawl III
Cactus Jack
94.8%
Fall Brawl '93
Cactus Jack
94.7%
Battlebowl
Cactus Jack
94.7%
Starrcade '93
Cactus Jack
94.7%
SuperBrawl II
Ron Simmons
94%
WrestleWar '92
Ron Simmons
94%
Beach Blast '92
Ron Simmons
94%
Halloween Havoc '92
Ron Simmons
94%
Starrcade '92
Ron Simmons
94%
New Japan Supershow III
Ron Simmons
94%
New Japan Supershow II
The Great Muta
93.6%
Starrcade '92
The Great Muta
93.6%
New Japan Supershow III
The Great Muta
93.6%
SuperBrawl III
Davey Boy Smith
91.9%
Slamboree '93
Davey Boy Smith
91.9%
Fall Brawl '93
Davey Boy Smith
91.9%
SuperBrawl II
Bobby Eaton
91.6%
New Japan Supershow II
Lex Luger
91.1%
Slamboree '93
Sid Vicious
89.6%
Great American Bash '92
Steve Williams
87.4%
Starrcade '92
Steve Williams
87.4%
SuperBrawl II
Marcus Bagwell
86.8%
Slamboree '93
Marcus Bagwell
86.8%
Beach Blast '93
Marcus Bagwell
86.8%
Fall Brawl '93
Marcus Bagwell
86.8%
New Japan Supershow II
Jushin Liger
86.5%
New Japan Supershow III
Jushin Liger
86.5%
Fall Brawl '93
Brian Knobbs
86.5%
Halloween Havoc '93
Brian Knobbs
86.5%
Battlebowl
Brian Knobbs
86.5%
Fall Brawl '93
Jerry Sags
86.4%
Halloween Havoc '93
Jerry Sags
86.4%
Battlebowl
Jerry Sags
86.4%
Great American Bash '92
Terry Gordy
85.3%
WrestleWar '92
Nikita Koloff
85.1%
Beach Blast '92
Nikita Koloff
85%
Great American Bash '92
Nikita Koloff
85%
Slamboree '93
Paul Orndorff
84.9%
Beach Blast '93
Paul Orndorff
84.9%
Halloween Havoc '93
Paul Orndorff
84.9%
Battlebowl
Road Warrior Hawk
84.9%
Battlebowl
Paul Orndorff
84.9%
Starrcade '93
Paul Orndorff
84.9%
Show
Wrestler
% Correct
Starrcade '93
Road Warrior Hawk
84.9%
WrestleWar '92
Michael Hayes
84.8%
Starrcade '93
Paul Roma
84.4%
WrestleWar '92
Jimmy Garvin
83.1%
WrestleWar '92
Johnny B. Badd
83.1%
Beach Blast '93
Johnny B. Badd
83.1%
Battlebowl
Johnny B. Badd
83%
Starrcade '92
Masa Chono
82.4%
Beach Blast '92
Greg Valentine
81.4%
Fall Brawl '93
The Shockmaster
81.4%
Halloween Havoc '93
The Shockmaster
81.4%
Battlebowl
The Shockmaster
81.4%
Starrcade '93
The Shockmaster
81.4%
New Japan Supershow II
Larry Zbyszko
81.3%
SuperBrawl II
Tom Zenk
81.1%
Halloween Havoc '92
Tom Zenk
81.1%
SuperBrawl III
2 Cold Scorpio
81.1%
Slamboree '93
2 Cold Scorpio
81.1%
Beach Blast '93
2 Cold Scorpio
81.1%
Fall Brawl '93
2 Cold Scorpio
81.1%
Halloween Havoc '92
Shane Douglas
80.7%
Starrcade '92
Shane Douglas
80.7%
Beach Blast '93
Steven Regal
80.5%
Fall Brawl '93
Steven Regal
80.5%
SuperBrawl III
Ricky Morton
79.3%
Slamboree '93
Brad Armstrong
78.7%
SuperBrawl III
Robert Gibson
76.1%
Starrcade '93
Maxx Payne
75.9%
SuperBrawl II
Van Hammer
75.7%
Starrcade '92
Van Hammer
75.6%
WrestleWar '92
Scotty Flamingo
73.8%
Beach Blast '92
Scotty Flamingo
73.7%
Great American Bash '92
Hiroshi Hase
73.6%
Starrcade '92
Danny Spivey
69.6%
WrestleWar '92
Big Josh
68.4%
Battlebowl
Rip Rogers
67.6%
Battlebowl
King Kong
64.9%
Halloween Havoc '92
Johnny Gunn
64.4%
Fall Brawl '93
Charlie Norris
63.7%
Halloween Havoc '93
Charlie Norris
63.7%
Battlebowl
Shanghai Pierce
63.7%
Great American Bash '92
Shinya Hashimoto
63.2%
New Japan Supershow III
Shinya Hashimoto
63.2%
Fall Brawl '93
Ice Train
63.1%
Halloween Havoc '93
Ice Train
63.1%
WrestleWar '92
The Super Invader
61%
New Japan Supershow III
Masa Saito
59.4%
Slamboree '93
Thunderbolt Patterson
56.7%
New Japan Supershow II
Riki Choshu
55%
New Japan Supershow II
Akira Nogami
53.5%
New Japan Supershow III
Akira Nogami
53.5%
New Japan Supershow III
Takayuki Iizuka
52.3%
New Japan Supershow III
El Samurai
50.4%
New Japan Supershow II
Masashi Aoyagi
48.8%
Quiz Playlist
Details
Report
Send in Message
Add To Playlist
Classic:
Type in answers that appear in a list
Last Updated: Feb 16, 2017
Quiz Scoreboard
CHALLENGE
Sign Up to Join the Scoreboard
Show All
Scores
Hide
Comments
May contain spoilers
Recently Published
Two Season TV Shows II
by 123Four
Television
10m
Image Sorting: Flags VI
by Barbecue
Geography
2m
Find the 'City' Movie
by crazypaving
Movies
60s
More to Explore
Quiz From the Vault
Featured Blog Post
14 Easter Pick-up Lines to Find Eggs With
hide this ad
You Might Also Like...
Tags
Show Quiz
1990s
1992
1993
Matching
Pay-per-view
PPV
WCW
Winner
Won
Wrestlers
Today's Top Quizzes in Sports
Browse Sports
hide this ad
Today's Top Quizzes in Show
Browse Show
Top Contributed Quizzes in Sports
1
Les meilleurs buteurs des matchs entre le PSG et l’OM
2
Les entraîneurs de l'OM et du PSG au 21e siècle
3
2022 World Cup Stars
4
Les joueurs passés par le PSG et l'OM
5
Players with Multiple 50 Home Run Seasons
6
Criteria MLB: Left Handed Sluggers
7
FIFA Club World Cup Champions
8
Les joueurs passés par le LOSC et le RC Lens
9
NBA Logic Puzzle 2.0
10
Top 10 NHL Goal Scorers of All Time
Explore More
Trending Topics
Harry Potter
Disney
Crossword
Anime
NBA
Marvel
Kpop
WWE
Country
The Office
Pokémon
Song
NFL
Puzzle
Soccer
hide this ad
More By:
dudemanbearpig
Quiz
Plays
Rating
Category
Featured
Created
WWE Royal Rumble Final Four
309,123
4.45
Sports
Dec 1, 2009
Top 50 Females in Harry Potter
137,461
4.67
Literature
May 10, 2012
Top 25 Non-Humans in Harry Potter
68,939
4.83
Literature
Apr 30, 2012
WrestleMania: 5+ in a Row
63,652
4.54
Sports
Apr 3, 2012
Black WWE PPV Competitors
14,900
4.34
Sports
Nov 6, 2011
Go to Creator's Profile
Score Distribution
Quiz Creator Spotlight
dudemanbearpig
Follow
Send a Message
Quizzes Created
-
Created Quiz Play Count
-
More By This Creator
Popular Quizzes Today
1
Colored Red Africa Blitz
2
Find the US States - No Outlines Minefield
3
Find the 'City' Movie
4
5x2 Blitz: Bands
5
The Countries of the World
6
Find the US States
7
Find the Countries of Europe - No Outlines Minefield
8
US States
More Sports Quizzes
International Duos From Different Eras
Quiz Lab
Trending Quizzes
Colored Red Europe Blitz I
Colored Red Africa Blitz II
Colored Red Europe Blitz II
Colored Red Africa Blitz III
Colored Red Europe Blitz III
Recently Updated
How Do You Spell That?
pecheneg
Godzilla Movies
pecheneg
Grab Bag: 4-10 Letters
pecheneg
2024 March Madness Bracket
pecheneg
Famous TV Couples
Peacemaker
Champions League XIs: Real Madrid
pecheneg
Largest US Cities 1790-2010
pecheneg
Rides in Walt Disney World
pecheneg
Most Oscar Losses (Acting)
pecheneg
Beyoncé Albums
pecheneg
Trending Topics
Harry Potter
Kpop
Disney
Crossword
Marvel
NBA
Anime
WWE
NFL
Song
Pokémon
The Office
Soccer
Country
Puzzle
Your Account Isn't Verified!
In order to create a playlist on Sporcle, you need to verify the email address you used during registration. Go to your
Sporcle Settings
to finish the process.
Report this User
Report this user for behavior that violates our
Community Guidelines
.
Details:
Send Report
Go to the Sporcle.com Mobile Site →
Comments